Fill in the quote: Buffy the Vampire Slayer - Statistics

General Stats
  • This quiz has been taken 135 times
    134 since last reset
  • The average score is 7 of 15
Answer Stats
Hint Answer % Correct
Buffy: What are you doing here? Spike: Five words or less. ______! Out for a walk... Bitch
88%
Pr Walsh: We thought you were a myth. Buffy: Well, you were ________ mythtaken
74%
Buffybot: Anya, how is your _____? money
70%
Kendra: That's my favourite shirt. ___________! That's my only shirt
69%
Willow: Toenails? Buffy: ______ toenails. evil
61%
Riley: It's nice to meet you Buffy. Buffy: ____________ I'm nice to meet
61%
Cordelia: I swear one of these times you're going to wake up ____________ in a coma
53%
Random man: I wear the ________ it does not wear me cheese
45%
Dawn: I gave birth to a pterodactyl. Anya: ______________? Oh my god did it sing
43%
Dawn: What are you doing? Buffy: ________, go away! My boyfriend
35%
Spike: That's my girl! Giles: Stop that right now, I can hear ___________ the smacking
34%
Willow: I'm so evil and skanky ___________ and I think I'm kind of gay
33%
Giles: You hold them, you touch them, use them. Harmony: _______? Giles: No. Riley: _______? Giles: Yes! Props
18%
Riley: How many fingers I got? Graham: _________ Seventeen
14%
Riley: There's definitely something off about her. Graham: Maybe she's _____ Canadian
13%
No matching quizzes found
Score Distribution
Percent of People with Each Score
Percentile by Number Answered
Your Score History
You have not taken this quiz since the last reset